| 000 | 00557nam a2200181 i 4500 | ||
|---|---|---|---|
| 001 | 75522 | ||
| 003 | ES-MaACL | ||
| 007 | t| | ||
| 008 | 040924s1969 fr ||||1| fre d | ||
| 100 | 1 |
_aGrenier, Albert. _959942 |
|
| 245 | 1 | 3 |
_aLe genie romain dans la religion, la pensée et l'art / _cAlbert Grenier. |
| 260 |
_a[Paris] : _bAlbin Michel, _c[1969] |
||
| 300 |
_a506 p. ; _c18 cm. |
||
| 490 | 1 |
_aévolution de l'humanité ; _v14 |
|
| 830 | 0 |
_aévolution de l'humanité ; _v14 _9231256 |
|
| 852 |
_aES-MaACL _jE-5454 _bR.89825 |
||
| 999 |
_c75522 _d75522 |
||